=LDR 00000nam 2200000 4500 =001 INLIS000000000044780 =005 20131008110708 =008 ***********************************Ind** =035 ##$$a0010-101300000002702 =041 ##$$a Ind =082 ##$$a 813 =090 ##$$a 813, Zaf l =100 ##$$a Jafar, Alamsyah M =245 ##$$a Lelaki Laut : Mengayuh Semangat dan Cita - Cita dari Pulau Seribu, Alamsyah M Dja'far =260 ##$$a 2010 $b Jakarta =300 ##$$a IX,194 Hlm., 20 Cm =650 ##$$a Fiksi =850 ##$$a NNT-CD =990 ##$$a 21196984/BPAP-NTB/2014 =990 ##$$a 21400613/BPAP-NTB/20142014 =990 ##$$a 0001/BPAP-NTB/20142014